همسات حانية : (Record no. 5025)

MARC details
000 -LEADER
fixed length control field 00772naa a2200181 ar4500
001 - CONTROL NUMBER
control field 5027
005 - DATE AND TIME OF LATEST TRANSACTION
control field 20221127091058.0
008 - FIXED-LENGTH DATA ELEMENTS--GENERAL INFORMATION
fixed length control field 190822s su 001 0|ara d
020 ## - INTERNATIONAL STANDARD BOOK NUMBER
International Standard Book Number )9786039065210غلاف ورقي)
082 00 - DEWEY DECIMAL CLASSIFICATION NUMBER
Classification number 811.09531
Item number س314
100 1# - MAIN ENTRY--PERSONAL NAME
Personal name السبيل، ابراهيم بن محمد.
245 10 - TITLE STATEMENT
Title همسات حانية :
Remainder of title صور شعرية بين العامي والفصيح /
Statement of responsibility, etc. ابراهيم بن محمد السبيل.
260 ## - PUBLICATION, DISTRIBUTION, ETC.
Place of publication, distribution, etc. عنيزة، السعودية :
Name of publisher, distributor, etc. مركز صالح بن صالح الاجتماعي،
Date of publication, distribution, etc. 2015.
300 ## - PHYSICAL DESCRIPTION
Extent 241 ص. ؛
Dimensions 24 سم.
500 ## - GENERAL NOTE
General note يتضمن كشافا.
650 #4 - SUBJECT ADDED ENTRY--TOPICAL TERM
Topical term or geographic name entry element الشعر الشعبي السعودي.
650 #4 - SUBJECT ADDED ENTRY--TOPICAL TERM
Topical term or geographic name entry element الشعر العربي
Geographic subdivision السعودية
General subdivision تاريخ
Chronological subdivision العصر الحديث.
Holdings
Withdrawn status Lost status Source of classification or shelving scheme Damaged status Not for loan Home library Current library Date acquired Total Checkouts Full call number Barcode Date last seen Copy number Price effective from Koha item type Materials specified (bound volume or other part)
              11/27/2022   811.09531 ?314 1000000016035 11/27/2022 c2 11/27/2022 Book 2980
          CENTRAL CENTRAL 11/27/2022   811.09531 س314 1000000014986 11/27/2022 c1 11/27/2022 Book